000 00491cam a2200157 a 4500
082 _a620.13616
_bSTA
_cL-39, P-196
245 0 0 _aStandard specification for cod weather concreting (ACI 306.1-90)
_cACI.
260 _aDetroit :
_bAmerican Concrete Institute,
_c1986.
300 _a5 p. ;
_c29 cm.
500 _aCover title.
526 _a0
_b0
_c0
_d620_136160000000000_STA
650 0 _aMCE
_9379
710 2 _aACI Committee 306
_946786
710 2 _aACI Committee 306
_946786
942 _2ddc
_cBK
999 _c550020
_d550020